Statistiques concernant Univers Lego Ninjago: Le faucon

Cliquez ici pour prendre le quiz!

Statistiques générales

  • Ce quiz a été pris 91 fois
  • Le résultat moyen est 6 sur 7

Statistiques - réponses

QuestionsRéponses% Correct
Connexion de la vue avecZane
93%
Couleur des plumesNoir
91%
Saison d'arrivéeLa menace des serpents
86%
TypeRobot
85%
Couleur des yeuxJaune
73%
Lieu d'arrivéeMonastère
73%
ConstructeurDocteur Julien
72%

Distribution des résultats

Percentile par nombre de réponses

% des personnes avec chaque résultat

Votre développement - résultats

Vous n’avez pas pris ce quiz